000 00711nam a2200289Ia 4500
005 20260324131924.0
008 008 260324s9999 xx 000 0 eng d
020 _a9780203970164
037 _aEBOOK
040 _aCRL
040 _beng
040 _cCRL
041 _2eng
041 _aeng
084 _qCRL
100 _aAnabella Davila; Marta Elvira
_91187355
245 0 _aManaging Human Resources in Latin America
245 3 _bAn Agenda for International Leaders
260 _bTaylor and Francis
260 _c2005
365 _a
365 _b290
856 _uhttp://www.taylorfrancis.com/books/9780203970164
942 _cEBOOK
999 _c1784939
_d1784939